Report on the completion of the settlement of land revenue of the Narsingpur Fuedatory [sic] State. (Record no. 81097)

MARC details
000 -LEADER
fixed length control field 00759nam a22002291 4500
001 - CONTROL NUMBER
control field sa 68006046
003 - CONTROL NUMBER IDENTIFIER
control field DLC
005 - DATE AND TIME OF LATEST TRANSACTION
control field 20260227112513.0
008 - FIXED-LENGTH DATA ELEMENTS--GENERAL INFORMATION
fixed length control field 710915s1962 ii 00000 eng
010 ## - LIBRARY OF CONGRESS CONTROL NUMBER
LC control number sa 68006046
025 ## - OVERSEAS ACQUISITION NUMBER
Overseas acquisition number PL480:I-E-8563
043 ## - GEOGRAPHIC AREA CODE
Geographic area code a-ii---
050 0# - LIBRARY OF CONGRESS CALL NUMBER
Classification number HJ4387.N3
Item number A57
110 10 - MAIN ENTRY--CORPORATE NAME
Corporate name or jurisdiction name as entry element Narsinghpur, India (State)
245 10 - TITLE STATEMENT
Title Report on the completion of the settlement of land revenue of the Narsingpur Fuedatory [sic] State.
260 0# - PUBLICATION, DISTRIBUTION, ETC.
Place of publication, distribution, etc. Berhampur,
Name of publisher, distributor, etc. Printed at Sarada Press
Date of publication, distribution, etc. [1962]
300 ## - PHYSICAL DESCRIPTION
Extent 21 p.
Dimensions 33 cm.
350 ## - PRICE (NR) (BK AM CF MU VM SE) [OBSOLETE]
Price Rs1.03
650 #0 - SUBJECT ADDED ENTRY--TOPICAL TERM
Topical term or geographic name entry element Land value taxation
Geographic subdivision Narsinghpur, India (State)
650 #0 - SUBJECT ADDED ENTRY--TOPICAL TERM
Topical term or geographic name entry element Land tenure
Geographic subdivision Narsinghpur, India (State)
650 #0 - SUBJECT ADDED ENTRY--TOPICAL TERM
Topical term or geographic name entry element Agriculture
General subdivision Economic aspects
Geographic subdivision India
-- Narsinghpur (State)

No items available.

Powered by Koha